000 00403nam a2200181Ia 4500
999 _c30146
_d30146
003 0100
005 20170728124931.0
008 130303s9999 xx 000 0 und d
040 _cARRUPELIB
050 _aB819.S576 1974
245 _aExistentialism
260 _bThe Modern Library
_aNY
_c1974
300 _a363p.
300 _b 18cm
650 _aPHILOSOPHY
_933879
650 _aexistentialism
_91759
700 _aSolomon, Robert C.(ed.)
_933878
942 _2lcc
_cMONOGRAPH